Postavenie a úloha Honkongu v zahraničnoobchodných vzťahoch Európskej únie diplomová práca

Enregistré dans:
Détails bibliographiques
Auteur principal: Zámečníková, Natália
Collectivité auteur: Obchodná fakulta EU. Katedra medzinárodného obchodu
Autres auteurs: Drieniková, Kristína, 1982-
Format: Livre
Langue:slovaque
Publié: Bratislava 2021
Tags: Ajouter un tag
Pas de tags, Soyez le premier à ajouter un tag!

MARC

LEADER 00000nbm a2200000 4500
001 0274445
005 20220210095113.9
041 0 |a slo 
044 |a SK 
245 1 0 |a Postavenie a úloha Honkongu v zahraničnoobchodných vzťahoch Európskej únie  |b diplomová práca  |c Natália Zámečníková ; školiteľ: Kristína Drieniková 
264 1 |a Bratislava  |c 2021 
300 |a 76 s. 
100 1 |a Zámečníková, Natália 
700 1 |a Drieniková, Kristína, 1982- 
710 2 |a Obchodná fakulta EU. Katedra medzinárodného obchodu